<?xml version="1.0" encoding="UTF-8"?>
<record
    xmlns:xsi="http://www.w3.org/2001/XMLSchema-instance"
    xsi:schemaLocation="http://www.loc.gov/MARC21/slim http://www.loc.gov/standards/marcxml/schema/MARC21slim.xsd"
    xmlns="http://www.loc.gov/MARC21/slim">

  <leader>01723nam a22002777a 4500</leader>
  <controlfield tag="003">NALT</controlfield>
  <controlfield tag="005">20250127152053.0</controlfield>
  <controlfield tag="008">230420b        th ||||| |||| 00| 0 tha d</controlfield>
  <datafield tag="020" ind1=" " ind2=" ">
    <subfield code="a">9749077520</subfield>
  </datafield>
  <datafield tag="040" ind1=" " ind2=" ">
    <subfield code="a">NALT</subfield>
  </datafield>
  <datafield tag="041" ind1=" " ind2=" ">
    <subfield code="a">tha</subfield>
  </datafield>
  <datafield tag="050" ind1=" " ind2=" ">
    <subfield code="a">TK 5105.884</subfield>
    <subfield code="b">&#xE2A;582&#xE2A; 2545</subfield>
  </datafield>
  <datafield tag="100" ind1="0" ind2=" ">
    <subfield code="a">&#xE2A;&#xE31;&#xE19;&#xE15;&#xE34; &#xE28;&#xE23;&#xE35;&#xE25;&#xE32;&#xE28;&#xE31;&#xE01;&#xE14;&#xE34;&#xE4C;</subfield>
    <subfield code="9">60602</subfield>
  </datafield>
  <datafield tag="245" ind1="1" ind2="0">
    <subfield code="a">Search engine :</subfield>
    <subfield code="b">&#xE40;&#xE1B;&#xE34;&#xE14;&#xE1B;&#xE23;&#xE30;&#xE15;&#xE39;&#xE2A;&#xE39;&#xE48;&#xE42;&#xE25;&#xE01;&#xE02;&#xE2D;&#xE07; Search engine /</subfield>
    <subfield code="c">&#xE2A;&#xE31;&#xE19;&#xE15;&#xE34; &#xE28;&#xE23;&#xE35;&#xE25;&#xE32;&#xE28;&#xE31;&#xE01;&#xE14;&#xE34;&#xE4C;, &#xE40;&#xE01;&#xE28;&#xE21;&#xE13;&#xE35; &#xE40;&#xE17;&#xE35;&#xE48;&#xE22;&#xE07;&#xE18;&#xE23;&#xE23;&#xE21;.</subfield>
  </datafield>
  <datafield tag="260" ind1=" " ind2=" ">
    <subfield code="a">&#xE19;&#xE19;&#xE17;&#xE1A;&#xE38;&#xE23;&#xE35; :</subfield>
    <subfield code="b">&#xE2D;&#xE2D;&#xE1F;&#xE40;&#xE0B;&#xE47;&#xE17; &#xE40;&#xE1E;&#xE23;&#xE2A;,</subfield>
    <subfield code="c">2545.</subfield>
  </datafield>
  <datafield tag="300" ind1=" " ind2=" ">
    <subfield code="a">291 &#xE2B;&#xE19;&#xE49;&#xE32; :</subfield>
    <subfield code="b">&#xE15;&#xE32;&#xE23;&#xE32;&#xE07;, &#xE20;&#xE32;&#xE1E;&#xE1B;&#xE23;&#xE30;&#xE01;&#xE2D;&#xE1A; ;</subfield>
    <subfield code="c">21 &#xE0B;&#xE21;.</subfield>
  </datafield>
  <datafield tag="505" ind1="2" ind2=" ">
    <subfield code="a">&#xE17;&#xE33;&#xE04;&#xE27;&#xE32;&#xE21;&#xE23;&#xE39;&#xE49;&#xE08;&#xE31;&#xE01;&#xE01;&#xE31;&#xE1A; Search engine -- &#xE40;&#xE27;&#xE47;&#xE1A;&#xE40;&#xE1E;&#xE08;&#xE17;&#xE35;&#xE48;&#xE40;&#xE15;&#xE47;&#xE21;&#xE44;&#xE1B;&#xE14;&#xE49;&#xE27;&#xE22;&#xE04;&#xE35;&#xE22;&#xE4C;&#xE40;&#xE27;&#xE34;&#xE23;&#xE4C;&#xE14; -- &#xE08;&#xE33;&#xE19;&#xE27;&#xE19;&#xE25;&#xE34;&#xE07;&#xE04;&#xE4C;&#xE08;&#xE32;&#xE01;&#xE40;&#xE27;&#xE47;&#xE1A;&#xE44;&#xE0B;&#xE15;&#xE4C;&#xE2D;&#xE37;&#xE48;&#xE19; (Link popularity) -- &#xE08;&#xE30;&#xE40;&#xE23;&#xE35;&#xE22;&#xE01;&#xE27;&#xE48;&#xE32; Spamming &#xE2B;&#xE23;&#xE37;&#xE2D;&#xE40;&#xE17;&#xE04;&#xE19;&#xE34;&#xE04;&#xE01;&#xE32;&#xE23;&#xE2D;&#xE2D;&#xE01;&#xE41;&#xE1A;&#xE1A;&#xE40;&#xE27;&#xE47;&#xE1A; -- Submission -- Yahoo -- dmoz (Open Directory Project, ODP) -- LookSmart -- Google -- FastAlltheWeb/Lycos -- HotBot -- AltaVista -- MSN Search -- Overture, Inktomi.</subfield>
  </datafield>
  <datafield tag="650" ind1=" " ind2="4">
    <subfield code="a">&#xE40;&#xE2A;&#xE34;&#xE23;&#xE4C;&#xE0A;&#xE40;&#xE2D;&#xE47;&#xE19;&#xE08;&#xE34;&#xE19;</subfield>
    <subfield code="9">46851</subfield>
  </datafield>
  <datafield tag="650" ind1=" " ind2="0">
    <subfield code="a">&#xE01;&#xE32;&#xE23;&#xE04;&#xE49;&#xE19;&#xE2B;&#xE32;&#xE17;&#xE32;&#xE07;&#xE2D;&#xE34;&#xE19;&#xE40;&#xE17;&#xE2D;&#xE23;&#xE4C;&#xE40;&#xE19;&#xE47;&#xE15;</subfield>
    <subfield code="9">48251</subfield>
  </datafield>
  <datafield tag="700" ind1="0" ind2=" ">
    <subfield code="9">60603</subfield>
    <subfield code="a">&#xE40;&#xE01;&#xE28;&#xE21;&#xE13;&#xE35; &#xE40;&#xE17;&#xE35;&#xE48;&#xE22;&#xE07;&#xE18;&#xE23;&#xE23;&#xE21;</subfield>
  </datafield>
  <datafield tag="850" ind1=" " ind2=" ">
    <subfield code="a">NALT</subfield>
  </datafield>
  <datafield tag="942" ind1=" " ind2=" ">
    <subfield code="c">GB</subfield>
    <subfield code="2">lcc</subfield>
  </datafield>
  <datafield tag="996" ind1=" " ind2=" ">
    <subfield code="a">kornsiririn.r</subfield>
    <subfield code="b">CATSTF	</subfield>
    <subfield code="c">2023-04-20</subfield>
  </datafield>
  <datafield tag="996" ind1=" " ind2=" ">
    <subfield code="a">phornvitoo</subfield>
    <subfield code="b">CATSTF	</subfield>
    <subfield code="c">2023-07-16</subfield>
  </datafield>
  <datafield tag="999" ind1=" " ind2=" ">
    <subfield code="c">101843</subfield>
    <subfield code="d">101843</subfield>
  </datafield>
  <datafield tag="998" ind1=" " ind2=" ">
    <subfield code="j">1020</subfield>
    <subfield code="k"> &#xE19;&#xE32;&#xE07;&#xE08;&#xE33;&#xE40;&#xE23;&#xE35;&#xE22;&#xE07;  &#xE23;&#xE30;&#xE27;&#xE31;&#xE07;&#xE2A;&#xE33;&#xE42;&#xE23;&#xE07;</subfield>
  </datafield>
  <datafield tag="952" ind1=" " ind2=" ">
    <subfield code="0">0</subfield>
    <subfield code="1">0</subfield>
    <subfield code="2">lcc</subfield>
    <subfield code="4">0</subfield>
    <subfield code="7">0</subfield>
    <subfield code="8">CSEN</subfield>
    <subfield code="a">NALT</subfield>
    <subfield code="b">NALT</subfield>
    <subfield code="c">GEN</subfield>
    <subfield code="d">2023-04-20</subfield>
    <subfield code="o">TK 5105.884 &#xE2A;582&#xE2A; 2545</subfield>
    <subfield code="p">0100003370001</subfield>
    <subfield code="r">2023-07-27 00:00:00</subfield>
    <subfield code="w">2023-04-20</subfield>
    <subfield code="y">GB</subfield>
  </datafield>
</record>
